000 00735nam a2200217Ia 4500
003 GCL
008 140319s9999 xx 000 0 ara d
040 _aGCL /
_cGCL
082 0 4 _a616.362
_bم ك
100 1 _aمحمد على مدور
245 1 0 _aالكبد والمرارة بين المرض والعافية /
_cمحمد على مدور
250 _aالاولى
260 _aالقاهرة :
_bمركز الاهرام للترجمة والنشر ،
_c1997
300 _a157 ص ؛
_c18 سم
490 _aاعرف صحتك
_v0
650 0 4 _aالكبد - امراض
650 0 4 _aالكبد - اورام
650 0 4 _aالكبد - الجوانب الصحية
650 0 4 _aالمرارة - امراض
942 _2ddc
_cBK
999 _c6508
_d6508